| LEADER |
01219nam0a2200241 450 |
| 001 |
16868326 |
| 010 |
|
|
|a 978-2-302-10736-6
|b rel.
|d 11,5
|
| 100 |
|
|
|a 20260529d2026 u u0frey01 ba
|
| 101 |
0 |
|
|a fre
|
| 102 |
|
|
|a FR
|
| 200 |
0 |
|
|a Furious break
|f scénario, Jean-Christophe Derrien et Furious Jumper
|g dessin, Emmanuel Nhieu - couleurs, Joël Odone
|
| 207 |
|
1 |
|a
|
| 210 |
|
|
|a Toulon
|c Soleil
|d DL 2025
|
| 215 |
|
|
|a 1 vol. (45 p.)
|c ill. en coul.
|d 30 cm
|
| 225 |
1 |
|
|a Furious Jumper
|v 8
|
| 330 |
|
|
|a Dans un univers à la GTA, Bichon est devenu le criminel numéro un : il est condamné virtuellement à ce que son personnage soit définitivement éliminé du jeu. Bichon implore Furious de l'aider. Ce dernier doit à son tour être enfermé dans la même prison de haute sécurité. Ensemble, ils vont tenter de s'évader au plus vite et tous les moyens seront bons ! Mais le temps presse.
|
| 461 |
|
0 |
|t Furious Jumper
|v 8
|
| 700 |
|
0 |
|a Derrien
|b Jean-Christophe
|f 1971-....
|4 70
|
| 701 |
|
0 |
|a Furious Jumper
|4 70
|
| 702 |
|
0 |
|a Nhieu
|b Emmanuel
|f 1974-....
|4 440
|
| 900 |
|
|
|a Bande Dessinée (enfants)
|
| 901 |
|
|
|a Jeunesse
|
| 995 |
|
|
|a Médiathèque
|c Médiathèque
|f 089021884
|h 089021884
|k BD FUR 8
|o p
|q j
|r az
|e Médiathèque
|